Cristo y las religiones de la tierra (Record no. 171202)

MARC details
000 -LEADER
campo de control de longitud fija 01005nam a2200241 i 4500
001 - NÚMERO DE CONTROL
campo de control 171202
003 - IDENTIFICADOR DE NÚMERO DE CONTROL
campo de control ES-MaACL
005 - FECHA Y HORA DE LA ÚLTIMA TRANSACCIÓN
campo de control 20250808062753.0
008 - DATOS DE LONGITUD FIJA--INFORMACIÓN GENERAL
campo de control de longitud fija 090505s1968 sp |||| | spa d
017 ## - NÚMERO DE COPYRIGHT O DE DEPÓSITO LEGAL
Número de copyright o de depósito legal M 17831-1968
100 0# - ENTRADA PRINCIPAL--NOMBRE DE PERSONA
Nombre de persona König, Franz.
9 (RLIN) 189010
245 10 - MENCIÓN DEL TÍTULO
Título Cristo y las religiones de la tierra
Resto del título : manual de historia de la Religión.
Número de parte o sección de la obra II,
Nombre de parte o sección de la obra Religiones de los pueblos y de las culturas de la Antigüedad /
Mención de responsabilidad, etc. por veinticuatro especialistas bajo la dirección de Franz König ; traducción de la segunda edición alemana por Ramón Valdés del Toro.
250 ## - MENCION DE EDICION
Mención de edición 2ª ed.
260 ## - PUBLICACIÓN, DISTRIBUCIÓN, ETC.
Lugar de publicación, distribución, etc. Madrid :
Nombre del editor, distribuidor, etc. La Editorial Católica,
Fecha de publicación, distribución, etc. 1968.
300 ## - DESCRIPCIÓN FÍSICA
Extensión 739 p. ;
Dimensiones 20 cm.
490 1# - MENCIÓN DE SERIE
Mención de serie Biblioteca de autores cristianos ;
Designación de volumen o secuencia 203
594 ## - Nota al título y mención de responsabilidad
Nota al título y mención de responsabilidad Traducción de : Christus und die Religionen der Erde.
700 0# - ENTRADA AGREGADA--NOMBRE PERSONAL
Nombre de persona Valdés del Toro, Ramón.
9 (RLIN) 112520
830 00 - PUNTO DE ACCESO ADICIONAL DE SERIE-TÍTULO UNIFORME
Título uniforme Biblioteca de autores cristianos
Designación de volumen o secuencia 203
9 (RLIN) 178679
852 ## - LOCALIZACIÓN
Ubicación ES-MaACL
Número de control de estantería J-199
itemnumber R.46092
Holdings
Estatus retirado Estado de pérdida Estado de daño No para préstamo Biblioteca de origen Biblioteca actual Ubicación en estantería Fecha de adquisición Fuente de adquisición Total de préstamos Signatura topográfica completa Código de barras Visto por última vez Precio de reemplazo Tipo de ítem Koha
        Biblioteca del Ateneo de Madrid Biblioteca del Ateneo de Madrid Depósito 2 05/05/2009     J-199 1179669 23/02/2023 23/02/2023 Libro impreso